| 000 | 00000nas##2200000za#4500 |
|---|---|
| 001 | 9.509753 |
| 003 | CaOODSP |
| 005 | 20200325104546 |
| 007 | ta |
| 008 | 150406c1994||||xxc|| m #||||f| |0fre|d |
| 040 | |aCaOODSP|bfre |
| 041 | |aeng |
| 041 | |afre |
| 043 | |an-cn--- |
| 086 | 1 |aYX4-1994 |
| 110 | 1 |aCanada.|bStatuts. |
| 245 | 10|aLois du Canada (1994) : |b1re session, 35e législature, 42-43 Élizabeth II, 1994 |
| 260 | |bStatuts |
| 546 | |aBilingue |
| 563 | |aCouverture souple |
| 791 | |tStatutes of Canada 1994 : |eeng|w(CaOODSP)9.509752 |